000
00337nam a22001457a 4500
008
210304b ||||| |||| 00| 0 eng d
020
_a
3805547196
041
_a
eng
080
_2
2nd
_a
311
082
_a
311
100
_a
55
101
_a
STA
245
_a
Using and Understanding Medical Statistics
_c
Matthews, D.E
942
_2
udc
_c
BK
999
_c
55765
_d
55765